000 00432nam a2200169Ia 4500
005 20140402131947.0
008 140130s9999 xx 000 0 und d
050 _aND 237.M78
_b. W35 2004
245 _cWallner, Alexandra
_aGrandma Moses
260 _bScholastic,
_c2004
300 _a1 v. (unpaged) :
_bcol. ill. ;
_c24 x 27 cm.
440 _v1
_931174
521 _aG7
526 _c870
942 _cBK
_2lcc
999 _c41241
_d41241